000 00354nam a22001337a 4500
082 _a664
_bSWA/ES
100 _aSwaminathan, M
_9176
245 _aAdvanced Text Book on Food & Nutrition Vol. 1 Fundamental Aspects
250 _a2
260 _aBangalore
_bBappco
_c2003
300 _a630
650 _aFood Scence
_aNutritional Scence
_9177
942 _cBK
999 _c14147
_d14147